Normal view
MARC view
Entry Uniform Title
001 - CONTROL NUMBER
- control field: 23041
003 - CONTROL NUMBER IDENTIFIER
- control field: dpl
005 - DATE AND TIME OF LATEST TRANSACTION
- control field: 20101006145807.0
008 - FIXED-LENGTH DATA ELEMENTS
- fixed length control field: 101006|||a|||||| | ||| d
040 ## - CATALOGING SOURCE
- Original cataloging agency: dpl
- Transcribing agency: dpl
130 ## - HEADING--UNIFORM TITLE
- Uniform title: लोकोदय ग्रन्थमालाःग्रन्थांक 1007; रवीन्द्र कालिया
670 ## - SOURCE DATA FOUND
- Source citation: Work cat.: (dpl)33886: रणेन्द्र 23040, ग्लोबल गाँव के देवता /, 2009
670 ## - SOURCE DATA FOUND
- Source citation: Work cat.: (dpl)33886: रणेन्द्र 23040, ग्लोबल गाँव के देवता /, 2009
